Advanced medicinal chemistry (Record no. 394534)

MARC details
000 -LEADER
fixed length control field 00527 a2200205 4500
005 - DATE & TIME
control field 20260216153548.0
008 - FIXED-LENGTH DATA ELEMENTS--GENERAL INFORMATION
fixed length control field 260216b |||||||| |||| 00| 0 eng d
020 ## - ISBN
International Standard Book Number 9789389802955
Price Rs. 1099.00
040 ## - CATALOGING SOURCE
Original cataloging agency VIVEKANANDA LIBRARY
082 ## - DDC NUMBER
Classification number 615.19
Book Number K144A(2)
100 ## - MAIN ENTRY--PERSONAL NAME
Personal name Kar, Ashutosh
245 ## - TITLE STATEMENT
Title Advanced medicinal chemistry
250 ## - EDITION STATEMENT
Edition statement 2nd
260 ## - PUBLICATION, DISTRIBUTION, ETC. (IMPRINT)
Name of publisher, distributor, etc New Age International
Place of publication, distribution, etc London
Date of publication, distribution, etc 2026
300 ## - PHYSICAL DESCRIPTION
Pages xvi, 359
650 ## - Subject
Subject Drugs- Design
650 ## - Subject
Subject Pharmaceutical Chemistry
650 ## - Subject
Subject Pharmacology
942 ## - ADDED ENTRY ELEMENTS (KOHA)
Koha item type Books
Holdings
Withdrawn status Lost status Source of classification or shelving scheme Damaged status Not for loan Location (home branch) Sublocation or collection (holding branch) Shelving location Date acquired Koha issues (times borrowed) Koha full call number Accession No. Koha date last seen Koha item type
    Dewey Decimal Classification     VIVEKANANDA LIBRARY VIVEKANANDA LIBRARY Vivekananda Library 05/02/2026   615.19 K144A(2) 438207 05/02/2026 Books
    Dewey Decimal Classification     VIVEKANANDA LIBRARY VIVEKANANDA LIBRARY Vivekananda Library 05/02/2026   615.19 K144A(2) 438206 05/02/2026 Books
    Dewey Decimal Classification     VIVEKANANDA LIBRARY VIVEKANANDA LIBRARY Vivekananda Library 05/02/2026   615.19 K144A(2) 438205 05/02/2026 Books
    Dewey Decimal Classification     VIVEKANANDA LIBRARY VIVEKANANDA LIBRARY Vivekananda Library 05/02/2026   615.19 K144A(2) 438208 05/02/2026 Books
    Dewey Decimal Classification     VIVEKANANDA LIBRARY VIVEKANANDA LIBRARY Vivekananda Library 05/02/2026   615.19 K144A(2) 438209 05/02/2026 Books
© Designed and Maintained by Vivekananda Library, MDU Rohtak